000 00536nam a22002177a 4500
003 Nust
005 20211230105843.0
008 170123b xxu||||| |||| 00| 0 eng d
020 _a0070665915
038 _aKhadija
040 _cC
082 _a621.56
_bSTO
100 _aStoecker
_987148
245 _aRefrigeration & Air Conditioning /
_cWilbert F. Stoecker
250 _a2nd ed.
260 _aNew Delhi :
_bTata McGraw-Hill,
_c1982.
300 _a443 p. ;
_c21 cm.
500 _apaperback.
563 _aPB
942 _cBK
_2ddc
999 _c32224
_d32224